ბათუმის შოთა რუსთაველის სახელმწიფო უნივერსიტეტის ბიბლიოთეკა

ნორმალური და პათოლოგიური ბიოქიმია მედიკოსებისათვის. ტ. 2. (ბიბ.ჩანაწერი № 49179)

000 -LEADER
fixed length control field 01083nam a2200229Ia 4500
001 - CONTROL NUMBER
control field 16090
003 - CONTROL NUMBER IDENTIFIER
control field GE_BSU
008 - FIXED-LENGTH DATA ELEMENTS--GENERAL INFORMATION
fixed length control field 181216s||||||||xx |||||||||||||| ||und||
020 ## - INTERNATIONAL STANDARD BOOK NUMBER
International Standard Book Number 978-9941-12-214-9
040 ## - CATALOGING SOURCE
Transcribing agency GE_BSU
080 ## - UNIVERSAL DECIMAL CLASSIFICATION NUMBER
Universal Decimal Classification number 612.015(075.8)
100 ## - MAIN ENTRY--PERSONAL NAME
Personal name ალექსიძე, ნუგზარ
245 ## - TITLE STATEMENT
Title ნორმალური და პათოლოგიური ბიოქიმია მედიკოსებისათვის. ტ. 2.
260 ## - PUBLICATION, DISTRIBUTION, ETC.
Place of publication, distribution, etc. თბილისი
260 ## - PUBLICATION, DISTRIBUTION, ETC.
Name of publisher, distributor, etc. უნივერსალი
260 ## - PUBLICATION, DISTRIBUTION, ETC.
Date of publication, distribution, etc. 2008
300 ## - PHYSICAL DESCRIPTION
Extent 527-1004გვ. 24 სმ.
300 ## - PHYSICAL DESCRIPTION
Accompanying material ბიბლიოგრ.: გვ. 956. საგნ. საძიებელი: გვ. 957-964.ზოგიერთი ტერმინოლოგიისა და ტერმინის განმარტება: გვ. 945-949.
653 ## - INDEX TERM--UNCONTROLLED
Uncontrolled term ნორმალური და პათოლოგიური ბიოქიმია მედიკოსებისათვის
942 ## - ADDED ENTRY ELEMENTS (KOHA)
Koha item type წიგნი
ეგზემპლარები
Withdrawn status Lost status Damaged status Not for loan Date acquired Barcode Date last seen Price effective from Koha item type
        2018-12-17 40003 2018-12-17 2018-12-17 წიგნი
        2018-12-17 40004 2018-12-17 2018-12-17 წიგნი